Logo BPK

Biblioteka

Politechniki Koszalińskiej

Introduction to counseling and guidance / (Rekord nr 47486)

Szczegóły MARC
000 -ETYKIETA REKORDU
podpole kontrolne o stałej długości 00420nam a2200157 i 4500
001 - NUMER KONTROLNY REKORDU
pole kontrolne bgj
040 ## - ŹRÓDŁO KATALOGOWANIA
Instytucja, która utworzyła rekord BPK
041 ## - KOD JĘZYKA
Kod języka tekstu eng
008 - POLE O STAŁEJ DŁUGOŚCI - DANE KONTROLNE
podpole kontrolne o stałej długości s uk f |000 0 eng
100 1# - NAZWA OSOBOWA
Nazwa osobowa GIBSON, Robert
245 #0 - TYTUŁ/ODPOWIEDZIALNOŚĆ
Tytuł Introduction to counseling and guidance /
Pozostałe elementy strefy tytułu i oznaczenia odpowiedzialności Robert Gibson, Marianne H. Mitchell.
250 ## - STREFA WYDANIA
Oznaczenie wydania 2nd ed.
260 ## - STREFA ADRESU WYDAWNICZEGO
Miejsce wydania New York ;
-- London,
Data publikacji, dystrybucji/powstania dokumentu cop. 1986.
700 1# - HASŁO DODATKOWE - NAZWA OSOBOWA
Nazwa osobowa MITCHELL, Marianne H.
856 ## - LOKALIZACJA I DOSTĘP DO ELEKTRONICZNYCH DOKUMENTÓW ZDALNYCH
Link (URL) http://koha.tu.koszalin.pl/cgi-bin/koha/opac-detail.pl?biblionumber=47486
Tekst linku Katalog online BPK
942 ## - DODATKOWE ELEMENTY (KOHA)
Typ dokumentu Książka
Egzemplarze
Wycofany Status egzemplarza Uszkodzony Dostępność Lokalizacja stała Lokalizacja bieżąca Miejsce przechowywania Sygnatura Kod kreskowy Typ dokumentu
      Dostępny Biblioteka Politechniki Koszalińskiej Biblioteka Politechniki Koszalińskiej Wypożyczalnia Językowa KA 3844 09014398 Książka
© 2023 Biblioteka Politechniki Koszalińskiej :: KOHA